| 000 | 01917nam0a2200445 4500 | ||
|---|---|---|---|
| 001 | RU\NLR\BIBL_A\010307010 | ||
| 005 | 20260406143125.0 | ||
| 010 |
_a978-5-93491-578-1 _9100 |
||
| 021 |
_aRU _b2014-11933 _9768 |
||
| 035 | _a(NLR Aleph) 010307010 | ||
| 035 | _a(NILC)RuMoRGB-006749441 | ||
| 090 |
_a10622790 _c10622790 |
||
| 100 | _a20140416d2013 k y0rusy50 ca | ||
| 101 | 0 | _arus | |
| 102 | _aRU | ||
| 105 | _aa|||7||||01yy | ||
| 200 | 1 |
_aФоносемантический компонент языковой картины мира В. Я. Брюсова _fД. С. Ищенко |
|
| 210 |
_aКраснодар _cПросвещение - Юг _d2013 |
||
| 215 |
_a122, [1] с. _cил. _d21 |
||
| 320 | _aБиблиогр.: с. 112-122 (172 назв.) | ||
| 604 |
_1700#1$aБрюсов$bВ.Я.$gВалерий Яковлевич$f1873 - 1924 _1501|#$aПоэзия$xЯзык и стиль$2nlr_sh2$3RU\NLR\AUTH\66158689 _aБрюсов, Валерий Яковлевич (1873 - 1924) _tПоэзия _xЯзык и стиль _91183036 _3RU\NLR\AUTH\66158689 |
||
| 606 | 1 |
_aРусский язык _xФоносемантика _91704059 _3RU\NLR\AUTH\661056736 |
|
| 606 | 1 |
_aКартина мира (лингв.) _92410731 _3RU\NLR\AUTH\661436371 |
|
| 675 | _a811.161.1'373 | ||
| 675 | _a821.161.1.09 | ||
| 686 | 1 | _aШ141.12-1 | |
| 686 | 1 | _aШ141.12-32 | |
| 686 | 1 | _aШ100.4 | |
| 686 | 2 | _aШ5(2=Р)53-4Брюсов | |
| 700 | 1 |
_aИщенко _bД. С. _gДиана Сергеевна |
|
| 702 | 1 |
_4570 _8rus _7ca _aБрюсов _bВ. Я. _f1873-1924 _gВалерий Яковлевич _3RU\NLR\AUTH\773661 _9113654 |
|
| 801 | 0 |
_aRU _bRuMoRKP _c20140227 _gRCR |
|
| 801 | 1 |
_aRU _bRuMoRKP _c20140227 _2rusmarc |
|
| 801 | 2 |
_aRU _bРГБ _c20140313 _grcr |
|
| 942 | _cBOOK | ||
| 980 | _aNBR | ||
| 980 | _aNB | ||